Rock Bands By Song #2 - Statistics

General Stats
  • This quiz has been taken 144 times
  • The average score is 8 of 15
Answer Stats
Song Band % Correct
Hotel California Eagles
90%
Iron Man Black Sabbath
83%
Surfin' USA The Beach Boys
76%
Sympathy For The Devil The Rolling Stones
74%
For Whom The Bell Tolls Metallica
71%
Riders of the Storm The Doors
63%
Carry On Wayward Son Kansas
61%
Jeremy Pearl Jam
61%
How You Remind Me Nickelback
52%
The Kids Aren't Alright The Offspring
46%
Psychosocial Slipknot
42%
Supermassive Black Hole Muse
39%
Falling Away From Me Korn
29%
Dark Necessities Red Hot Chili Peppers
29%
There Is a Light That Never Goes Out The Smiths
29%
No matching quizzes found
Score Distribution
Percent of People with Each Score
Percentile by Number Answered
Your Score History
You have not taken this quiz